Mapa de las Lenguas Occitanorromances - Estadísticas

Estadísticas generales
  • Esta prueba ha sido intentada 46 veces
  • La puntuación promedio es 7 de 14
Respuestas en el mapa
Las respuestas están codificadas por una escala verde-roja en el mapa de la prueba según el % correcto abajo.
 
Estadísticas de respuestas
Respuesta % Correcto
Catalán Central
95%
Catalán Noroccidental
95%
Valenciano
95%
Balear
91%
Aragonés
73%
Provenzal
45%
Alguerés
32%
Gascón
30%
Rosellonés
27%
Limosín
18%
Ribagorzano
18%
Auvernés
14%
Vivaroalpino
9%
Lengadocián
7%
No se encontraron pruebas coincidentes
Distribución de puntuación
Porcentaje de gente con cada puntuación
Porcentaje por número respondido
Historial de tus puntuaciones
No has intentado esta prueba.